000 00582nam a2200217 a 4500
999 _c10444
_d10444
001 10444
003 BD-JhCC
005 20180426200445.0
008 180426s1967 us |||| |||| 000 0 eng d
035 _a(BD-JhCC)10444
040 _aBD-JhCC
_dBD-JhCC
041 _aeng
082 _a891.709
_bSTU 1967
100 _aSturman, Marianne
245 _aWar and peace :
_bnotes /
_c Marianne Sturman
260 _aUSA :
_bCliffs Notes, Inc.
_c1967
300 _a114 p. :
_c19 cm.
504 _aIncludes Bibliography
650 _aVoĭna i mir (Tolstoy, Leo, graf)
942 _2ddc
_cBK